HR Practices in the Context of the Internet of Things

V čoraz konkurenčnejšom podnikateľskom prostredí je pre obchodné organizácie dôležité vybaviť najnovšími technológiami. Internet vecí (IoT) je považovaný za jeden z hlavných nových technológií. Aplikačné možnosti IoT v manažmente ľudských zdrojov.

Saved in:
Bibliographic Details
Main Author: Kremer, Kristian
Format: Book Chapter
Language:English
Subjects:
Tags: Add Tag
No Tags, Be the first to tag this record!

MARC

LEADER 00000naa a2200000 4500
001 0283549
005 20220505101906.5
041 0 |a eng 
044 |a RS 
245 1 0 |a HR Practices in the Context of the Internet of Things  |c Kristian Kremer 
520 |a V čoraz konkurenčnejšom podnikateľskom prostredí je pre obchodné organizácie dôležité vybaviť najnovšími technológiami. Internet vecí (IoT) je považovaný za jeden z hlavných nových technológií. Aplikačné možnosti IoT v manažmente ľudských zdrojov. 
610 2 0 |a zdroje ľudské 
610 2 0 |a riadenie ľudských zdrojov 
610 2 0 |a internet vecí 
610 2 0 |a technológie nové 
610 2 0 |a konkurencieschopnosť 
610 2 0 |a prostredie podnikateľské 
100 1 |a Kremer, Kristian